Prophetic dialogue, challenges and prospects in India / (Record no. 1305)

MARC details
000 -LEADER
fixed length control field 01221cam a2200361 a 4500
001 - CONTROL NUMBER
control field 13969662
003 - CONTROL NUMBER IDENTIFIER
control field OSt
005 - DATE AND TIME OF LATEST TRANSACTION
control field 20180910172614.0
008 - FIXED-LENGTH DATA ELEMENTS--GENERAL INFORMATION
fixed length control field 040424s2003 ii b 100 0 eng
010 ## - LIBRARY OF CONGRESS CONTROL NUMBER
LC control number 2004327580
020 ## - INTERNATIONAL STANDARD BOOK NUMBER
International Standard Book Number 8172147775
025 ## - OVERSEAS ACQUISITION NUMBER
Overseas acquisition number I-E-2004-327580; 13
035 ## - SYSTEM CONTROL NUMBER
System control number (DLC) 2004327580
037 ## - SOURCE OF ACQUISITION
Source of stock number/acquisition Library of Congress -- New Delhi Overseas Office
Terms of availability s150.00
040 ## - CATALOGING SOURCE
Original cataloging agency DLC
Transcribing agency DLC
042 ## - AUTHENTICATION CODE
Authentication code lcode
043 ## - GEOGRAPHIC AREA CODE
Geographic area code a-ii---
050 00 - LIBRARY OF CONGRESS CALL NUMBER
Classification number BT83.57
Item number .P76 2003
082 ## - DEWEY DECIMAL CLASSIFICATION NUMBER
Classification number 270.09
Item number S7865P
245 00 - TITLE STATEMENT
Title Prophetic dialogue, challenges and prospects in India /
Statement of responsibility, etc. edited by L. Stanislaus, Alwyn D'Souza.
260 ## - PUBLICATION, DISTRIBUTION, ETC.
Place of publication, distribution, etc. New Delhi :
Name of publisher, distributor, etc. Ishvani Kendra/ISPCK,
Date of publication, distribution, etc. 2003.
300 ## - PHYSICAL DESCRIPTION
Extent xviii, 178 p. ;
Dimensions 23 cm.
504 ## - BIBLIOGRAPHY, ETC. NOTE
Bibliography, etc. note Includes bibliographical references.
520 ## - SUMMARY, ETC.
Summary, etc. Contributed articles presented at a seminar.
650 #0 - SUBJECT ADDED ENTRY--TOPICAL TERM
Topical term or geographic name entry element Liberation theology
Geographic subdivision India
Form subdivision Congresses.
650 #0 - SUBJECT ADDED ENTRY--TOPICAL TERM
Topical term or geographic name entry element Dialogue
General subdivision Religious aspects
-- Christianity
Form subdivision Congresses.
650 #0 - SUBJECT ADDED ENTRY--TOPICAL TERM
Topical term or geographic name entry element Communication
General subdivision Religious aspects
-- Christianity
Form subdivision Congresses.
700 1# - ADDED ENTRY--PERSONAL NAME
Personal name Stanislaus, L.
700 1# - ADDED ENTRY--PERSONAL NAME
Personal name D'Souza, Alwyn.
906 ## - LOCAL DATA ELEMENT F, LDF (RLIN)
a 7
b cbc
c origode
d 3
e ncip
f 20
g y-gencatlg
942 ## - ADDED ENTRY ELEMENTS (KOHA)
Source of classification or shelving scheme Dewey Decimal Classification
Koha item type Books
Holdings
Withdrawn status Lost status Source of classification or shelving scheme Damaged status Not for loan Collection code Home library Current library Shelving location Date acquired Cost, normal purchase price Total Checkouts Full call number Barcode Date last seen Price effective from Koha item type
    Dewey Decimal Classification     Non-fiction Harvest Mission College Harvest Mission College General Stacks 10.09.2018 150.00   270.09 S7865P 002733 10.09.2018 10.09.2018 Books

OPAC Designed and Maintained by HMC Library Team.
Copyright © HMC Library,Greater Noida, UP.
For any Suggestions/Query Contact library via Email:libhmc@gmail.com